[Event "DESC V0112 email"]
[Site "DESC email"]
[Date "2002.06.05"]
[Round "2"]
[White "Schirmer, Michael"]
[Black "Buenjer, Carsten"]
[Result "1-0"]
[WhiteElo "2137"]
[BlackElo "1850"]
[PlyCount "47"]
[EventDate "2002.??.??"]
[EventType "tourn (corr)"]
[EventRounds "6"]
[EventCountry "GER"]
[SourceTitle "Corr 2004"]
[Source "ChessBase"]
[SourceDate "2003.04.28"]
[SourceVersion "3"]
[SourceVersionDate "2003.04.28"]
[SourceQuality "1"]

1. e4 e5 2. Nf3 Nc6 3. d4 exd4 4. Nxd4 Qh4 5. Nc3 Bb4 6. Ndb5 Ba5 7. Qd5 a6 8. Bg5 Qg4 9. h3 Qe6 10. Qxe6+ dxe6 11. Na3 b5 12. Nab1 Nd4 13. Kd1 h6 14. Be3 c5 15. Nd2 Bb7 16. a4 b4 17. Bxd4 cxd4 18. Na2 Nf6 19. f3 Nh5 20. Nb3 Bb6 21. a5 Bc7 22. Nxb4 Ng3 23. Rg1 Bd6 24. Nd3 1-0

[Event "DESC VS033 email"]
[Site "DESC email"]
[Date "2002.05.23"]
[Round "2"]
[White "Nittschalk, Karl"]
[Black "Buenjer, Carsten"]
[Result "0-1"]
[WhiteElo "1788"]
[BlackElo "1978"]
[PlyCount "52"]
[EventDate "2002.??.??"]
[EventType "tourn (corr)"]
[EventRounds "6"]
[EventCountry "GER"]
[SourceTitle "Corr 2004"]
[Source "ChessBase"]
[SourceDate "2003.04.28"]
[SourceVersion "3"]
[SourceVersionDate "2003.04.28"]
[SourceQuality "1"]

1. d4 d5 2. c4 dxc4 3. e4 e5 4. dxe5 Qxd1+ 5. Kxd1 Nc6 6. Bf4 Be6 7. Nf3 Nge7 8. Nbd2 Ng6 9. Bg3 Rd8 10. Kc1 b5 11. a3 Be7 12. h4 h5 13. Be2 a6 14. Rd1 Bg4 15. Re1 0-0 16. Kb1 Nxh4 17. Bxh4 Bxh4 18. Nxh4 Rxd2 19. f3 g5 20. fxg4 gxh4 21. gxh5 Nxe5 22. a4 b4 23. b3 cxb3 24. a5 Rfd8 25. Ra4 c5 26. Ra1 c4 0-1

[Event "DESC T0058 email"]
[Site "DESC email"]
[Date "2002.03.03"]
[Round "?"]
[White "Buenjer, Carsten"]
[Black "Schulz, Hans Juergen"]
[Result "1/2-1/2"]
[WhiteElo "1933"]
[BlackElo "1891"]
[PlyCount "49"]
[EventDate "2002.??.??"]
[EventType "tourn (corr)"]
[EventRounds "6"]
[EventCountry "GER"]
[SourceTitle "Corr 2004"]
[Source "ChessBase"]
[SourceDate "2003.04.28"]
[SourceVersion "3"]
[SourceVersionDate "2003.04.28"]
[SourceQuality "1"]

1. e4 e5 2. Nf3 Nc6 3. Bc4 Bc5 4. b4 Bxb4 5. c3 Ba5 6. d4 d6 7. dxe5 dxe5 8. Qxd8+ Nxd8 9. Nxe5 Be6 10. Bd3 Nf6 11. Be3 0-0 12. 0-0 Re8 13. Re1 Nd7 14. Bb5 c6 15. Nxd7 cxb5 16. Nc5 Rc8 17. a4 b4 18. Nxe6 Nxe6 19. cxb4 Bxb4 20. Rd1 Rcd8 21. Nd2 Nd4 22. Nf3 Nc2 23. Rxd8 Rxd8 24. Rb1 Nxe3 25. fxe3 1/2-1/2

[Event "DESC A7Kl008 email"]
[Site "DESC email"]
[Date "2002.02.10"]
[Round "1"]
[White "Buenjer, Carsten"]
[Black "Conrad, Werner"]
[Result "1/2-1/2"]
[WhiteElo "1809"]
[BlackElo "1832"]
[PlyCount "63"]
[EventDate "2002.??.??"]
[EventType "tourn (corr)"]
[EventRounds "6"]
[EventCountry "GER"]
[SourceTitle "Corr 2004"]
[Source "ChessBase"]
[SourceDate "2003.04.28"]
[SourceVersion "3"]
[SourceVersionDate "2003.04.28"]
[SourceQuality "1"]

1. e4 e5 2. Nf3 Nc6 3. Bb5 Nf6 4. 0-0 Bc5 5. c3 0-0 6. d4 Be7 7. d5 Nb8 8. Nxe5 Nxe4 9. Re1 Nf6 10. Ng4 d6 11. Nxf6+ Bxf6 12. Nd2 Nd7 13. Ne4 a6 14. Bxd7 Bxd7 15. Qh5 Re8 16. Bf4 h6 17. Ng3 Re7 18. Re4 Qf8 19. Rae1 Rae8 20. Qf3 Rxe4 21. Rxe4 Be5 22. h3 f6 23. Rc4 Bxf4 24. Qxf4 Rc8 25. Rb4 Qf7 26. Qf3 b5 27. Re4 Re8 28. Rxe8+ Qxe8 29. a3 Qe1+ 30. Kh2 Qd2 31. b4 Kf7 32. Ne2 1/2-1/2

[Event "DESC A7Kl008 email"]
[Site "DESC email"]
[Date "2002.02.10"]
[Round "?"]
[White "Ebert, Peter"]
[Black "Buenjer, Carsten"]
[Result "1/2-1/2"]
[WhiteElo "2074"]
[BlackElo "1809"]
[PlyCount "85"]
[EventDate "2002.??.??"]
[EventType "tourn (corr)"]
[EventRounds "6"]
[EventCountry "GER"]
[SourceTitle "Corr 2004"]
[Source "ChessBase"]
[SourceDate "2003.04.28"]
[SourceVersion "3"]
[SourceVersionDate "2003.04.28"]
[SourceQuality "1"]

1. d4 Nf6 2. c4 e6 3. Nc3 Bb4 4. Qc2 d5 5. a3 Bxc3+ 6. Qxc3 dxc4 7. Qxc4 Nc6 8. Nf3 0-0 9. Bg5 h6 10. Bh4 g5 11. Bg3 g4 12. Ne5 Qxd4 13. Qxd4 Nxd4 14. Rc1 h5 15. h3 Nf5 16. Bh2 c6 17. hxg4 hxg4 18. Rc4 g3 19. Bxg3 Nxg3 20. fxg3 Kg7 21. Rch4 Nd7 22. Nf3 e5 23. Rh7+ Kf6 24. R1h6+ Ke7 25. Nh4 Kd8 26. e3 e4 27. Be2 Ne5 28. Rd6+ Kc7 29. Rd4 Be6 30. Rxe4 Nd7 31. Rf4 Rh8 32. Rxh8 Rxh8 33. Nf3 Rg8 34. Kf2 Kd6 35. Nd4 Ne5 36. b4 b6 37. b5 c5 38. Nxe6 Kxe6 39. Ra4 Kd6 40. Rxa7 c4 41. a4 c3 42. Bd1 Rd8 43. Ke1 1/2-1/2

[Event "DESC A7Kl008 email"]
[Site "DESC email"]
[Date "2002.02.10"]
[Round "?"]
[White "Liebeskind, Rolf Dieter"]
[Black "Buenjer, Carsten"]
[Result "1/2-1/2"]
[WhiteElo "1964"]
[BlackElo "1809"]
[PlyCount "88"]
[EventDate "2002.??.??"]
[EventType "tourn (corr)"]
[EventRounds "6"]
[EventCountry "GER"]
[SourceTitle "Corr 2004"]
[Source "ChessBase"]
[SourceDate "2003.04.28"]
[SourceVersion "3"]
[SourceVersionDate "2003.04.28"]
[SourceQuality "1"]

1. c4 e5 2. Nc3 Nc6 3. Nf3 Nf6 4. g3 Bc5 5. Bg2 e4 6. Nh4 Qe7 7. Qc2 Nd4 8. Qb1 g5 9. e3 gxh4 10. exd4 Bxd4 11. Ne2 Bb6 12. b4 d6 13. Bb2 h3 14. Bf1 Bg4 15. Nf4 Bf3 16. Rg1 c6 17. Bxh3 Rg8 18. Qc2 Ng4 19. Bxg4 Rxg4 20. h3 Rg8 21. Qc3 a5 22. b5 Qg5 23. Rf1 a4 24. Ba3 e3 25. d4 exf2+ 26. Rxf2 Ba5 27. Bb4 Bxb4 28. Qxb4 Qxg3 29. Qc3 Qxf4 30. Rxf3 Rg1+ 31. Ke2 Rg2+ 32. Kd1 Qh2 33. Rf1 Rg3 34. Qd2 Rxh3 35. bxc6 bxc6 36. Rb1 Qxd2+ 37. Kxd2 Rh2+ 38. Kc3 Rxa2 39. Rb7 h5 40. Rbxf7 Ra3+ 41. Kc2 0-0-0 42. Ra7 Kb8 43. Rff7 Rb3 44. Rxa4 Rb7 1/2-1/2

[Event "DESC K0030 email"]
[Site "DESC email"]
[Date "2002.01.29"]
[Round "2"]
[White "Rabsch, Peter"]
[Black "Buenjer, Carsten"]
[Result "1/2-1/2"]
[WhiteElo "2054"]
[BlackElo "1834"]
[PlyCount "82"]
[EventDate "2001.??.??"]
[EventType "k.o. (corr)"]
[EventRounds "4"]
[EventCountry "GER"]
[SourceTitle "Corr 2004"]
[Source "ChessBase"]
[SourceDate "2003.04.28"]
[SourceVersion "3"]
[SourceVersionDate "2003.04.28"]
[SourceQuality "1"]

1. e4 e5 2. Nf3 Nc6 3. Bb5 a6 4. Ba4 Nf6 5. 0-0 Be7 6. Re1 b5 7. Bb3 d6 8. c3 0-0 9. h3 Na5 10. Bc2 c5 11. d4 Qc7 12. Nbd2 cxd4 13. cxd4 Bb7 14. d5 Nd7 15. Nf1 Rac8 16. Ne3 Nc4 17. Nf5 Bf6 18. Bd3 g6 19. Nh6+ Kh8 20. b3 Ncb6 21. Be3 Bg7 22. Rc1 Qb8 23. Rxc8 Qxc8 24. Nh4 Qd8 25. Qg4 Nc5 26. Bc2 Bc8 27. Qg3 f5 28. Nxg6+ hxg6 29. Qxg6 f4 30. Bxc5 dxc5 31. Nf7+ Rxf7 32. Qxf7 Bd7 33. a4 Nc8 34. Qg6 Qf6 35. Qh5+ Kg8 36. axb5 Bxb5 37. Qf3 Nd6 38. Bd3 Qg6 39. Ra1 Bf8 40. Ra3 Be7 41. Ra5 Bd8 1/2-1/2

[Event "DESC STS017 email"]
[Site "DESC email"]
[Date "2002.??.??"]
[Round "?"]
[White "Buenjer, Carsten"]
[Black "Kraft, Peter"]
[Result "1/2-1/2"]
[WhiteElo "1840"]
[BlackElo "2246"]
[PlyCount "56"]
[EventDate "2002.??.??"]
[EventType "tourn (corr)"]
[EventRounds "6"]
[EventCountry "GER"]
[SourceTitle "Corr 2004"]
[Source "ChessBase"]
[SourceDate "2003.04.28"]
[SourceVersion "3"]
[SourceVersionDate "2003.04.28"]
[SourceQuality "1"]

1. e4 d5 2. exd5 Qxd5 3. Nc3 Qa5 4. d4 Nf6 5. Nf3 c6 6. Bd3 Bg4 7. h3 Bh5 8. 0-0 e6 9. Bf4 Nbd7 10. a3 Be7 11. b4 Qd8 12. Re1 0-0 13. Qe2 Re8 14. Ne4 Nxe4 15. Bxe4 Nf6 16. c3 Nxe4 17. Qxe4 Qd5 18. Qd3 Bg6 19. Qe3 a5 20. Ne5 Bf5 21. Qg3 f6 22. Ng4 Bg6 23. Bc7 axb4 24. axb4 Qb3 25. Qe3 Bf8 26. Bf4 Qb2 27. Rxa8 Rxa8 28. Bd6 Bf7 1/2-1/2

[Event "DESC VS033 email"]
[Site "DESC email"]
[Date "2002.??.??"]
[Round "1"]
[White "Buenjer, Carsten"]
[Black "Stroeher, Rudolf"]
[Result "1-0"]
[WhiteElo "1978"]
[BlackElo "1809"]
[PlyCount "27"]
[EventDate "2002.??.??"]
[EventType "tourn (corr)"]
[EventRounds "6"]
[EventCountry "GER"]
[SourceTitle "Corr 2004"]
[Source "ChessBase"]
[SourceDate "2003.04.28"]
[SourceVersion "3"]
[SourceVersionDate "2003.04.28"]
[SourceQuality "1"]

1. d4 Nf6 2. c4 g6 3. Nc3 d5 4. Bf4 Bg7 5. e3 c5 6. dxc5 Qa5 7. cxd5 Nxd5 8. Qxd5 Bxc3+ 9. bxc3 Qxc3+ 10. Ke2 Qxa1 11. Be5 Qc1 12. Bxh8 Be6 13. Qxb7 Qc2+ 14. Ke1 1-0

[Event "DESC T0069 email"]
[Site "DESC email"]
[Date "2002.??.??"]
[Round "?"]
[White "Buenjer, Carsten"]
[Black "Von Rosenberg, Clemens"]
[Result "1-0"]
[WhiteElo "1836"]
[BlackElo "1551"]
[PlyCount "27"]
[EventDate "2002.??.??"]
[EventType "tourn (corr)"]
[EventRounds "8"]
[EventCountry "GER"]
[SourceTitle "Corr 2004"]
[Source "ChessBase"]
[SourceDate "2003.04.28"]
[SourceVersion "3"]
[SourceVersionDate "2003.04.28"]
[SourceQuality "1"]

1. c4 Nf6 2. Nc3 c5 3. g3 e6 4. Nf3 b6 5. Bg2 Bb7 6. 0-0 d6 7. d4 cxd4 8. Qxd4 a6 9. Be3 Nbd7 10. Rac1 Be7 11. Rfd1 0-0 12. Qd2 Rc8 13. b3 Qc7 14. Bg5 1-0

[Event "DESC STS017 email"]
[Site "DESC email"]
[Date "2002.??.??"]
[Round "?"]
[White "Hirscheider, Helmut"]
[Black "Buenjer, Carsten"]
[Result "1-0"]
[WhiteElo "2055"]
[BlackElo "1840"]
[PlyCount "75"]
[EventDate "2002.??.??"]
[EventType "tourn (corr)"]
[EventRounds "6"]
[EventCountry "GER"]
[SourceTitle "Corr 2004"]
[Source "ChessBase"]
[SourceDate "2003.04.28"]
[SourceVersion "3"]
[SourceVersionDate "2003.04.28"]
[SourceQuality "1"]

1. e4 e5 2. d4 exd4 3. Qxd4 Nc6 4. Qe3 Nf6 5. Bd3 Bb4+ 6. c3 Ba5 7. Nf3 Bb6 8. Qf4 d5 9. e5 Nh5 10. Qa4 Qd7 11. Qd1 0-0 12. 0-0 Re8 13. Re1 f6 14. c4 Nb4 15. Be2 fxe5 16. a3 Na6 17. Qxd5+ Qxd5 18. cxd5 Nf6 19. Nc3 e4 20. Ng5 Nc5 21. Be3 h6 22. Bb5 c6 23. Bxc5 Bxc5 24. Ngxe4 Nxe4 25. Nxe4 Rxe4 26. Rxe4 cxb5 27. Rc1 Bf5 28. Re5 Rc8 29. Rxf5 Bxf2+ 30. Kxf2 Rxc1 31. Ke2 b4 32. axb4 Rc2+ 33. Ke3 Rxg2 34. d6 Rg6 35. Rd5 Re6+ 36. Kd4 Re8 37. d7 Rd8 38. Kc5 1-0

[Event "DESC T0069 email"]
[Site "DESC email"]
[Date "2002.??.??"]
[Round "?"]
[White "Rennert, Ralf"]
[Black "Buenjer, Carsten"]
[Result "1-0"]
[WhiteElo "1887"]
[BlackElo "1836"]
[PlyCount "33"]
[EventDate "2002.??.??"]
[EventType "tourn (corr)"]
[EventRounds "8"]
[EventCountry "GER"]
[SourceTitle "Corr 2004"]
[Source "ChessBase"]
[SourceDate "2003.04.28"]
[SourceVersion "3"]
[SourceVersionDate "2003.04.28"]
[SourceQuality "1"]

1. c4 Nf6 2. Nc3 c5 3. g3 e6 4. Nf3 b6 5. Bg2 Bb7 6. 0-0 d6 7. d4 cxd4 8. Qxd4 a6 9. Bg5 Nbd7 10. Rad1 Be7 11. Nd2 Bxg2 12. Kxg2 h6 13. Bxf6 Nxf6 14. Nde4 Nxe4 15. Nxe4 0-0 16. Nxd6 Qc7 17. Ne4 1-0

[Event "DESC T0069 email"]
[Site "DESC email"]
[Date "2002.??.??"]
[Round "?"]
[White "Von Rosenberg, Clemens"]
[Black "Buenjer, Carsten"]
[Result "0-1"]
[WhiteElo "1551"]
[BlackElo "1836"]
[PlyCount "30"]
[EventDate "2002.??.??"]
[EventType "tourn (corr)"]
[EventRounds "8"]
[EventCountry "GER"]
[SourceTitle "Corr 2004"]
[Source "ChessBase"]
[SourceDate "2003.04.28"]
[SourceVersion "3"]
[SourceVersionDate "2003.04.28"]
[SourceQuality "1"]

1. c4 Nf6 2. Nc3 c5 3. g3 e6 4. Nf3 b6 5. Bg2 Bb7 6. 0-0 d6 7. d4 cxd4 8. Qxd4 a6 9. Bg5 Be7 10. Rfd1 Nbd7 11. Rac1 0-0 12. e4 Rc8 13. e5 Nxe5 14. Nxe5 Bxg2 15. Kxg2 dxe5 0-1

[Event "DESC F0014 email"]
[Site "DESC email"]
[Date "2001.12.30"]
[Round "1"]
[White "Buenjer, Carsten"]
[Black "Markus, Roland"]
[Result "1-0"]
[WhiteElo "1945"]
[BlackElo "2103"]
[PlyCount "97"]
[EventDate "2001.??.??"]
[EventType "tourn (corr)"]
[EventRounds "14"]
[EventCountry "GER"]
[SourceTitle "Corr 2004"]
[Source "ChessBase"]
[SourceDate "2003.04.28"]
[SourceVersion "3"]
[SourceVersionDate "2003.04.28"]
[SourceQuality "1"]

1. d4 Nf6 2. c4 e5 3. dxe5 Ng4 4. Bf4 Nc6 5. Nf3 Bb4+ 6. Nc3 Bxc3+ 7. bxc3 Qe7 8. Qd5 f6 9. exf6 Nxf6 10. Qg5 d6 11. e3 0-0 12. Bd3 Bg4 13. c5 Bxf3 14. cxd6 cxd6 15. gxf3 Ne5 16. Bxe5 Qxe5 17. Qxe5 dxe5 18. Rb1 b6 19. Rb5 Rae8 20. a4 e4 21. fxe4 Nxe4 22. Bxe4 Rxe4 23. Rb4 Re5 24. Rc4 Rg5 25. h4 Rg2 26. Rf1 Rh2 27. Ke2 Rf5 28. Rc7 Rf7 29. Rxf7 Kxf7 30. Rd1 Ke7 31. Rg1 Kf7 32. Rg4 h5 33. Rf4+ Ke6 34. Kd3 Rh1 35. Re4+ Kd6 36. a5 bxa5 37. Ra4 Rd1+ 38. Ke4 Rc1 39. Rxa5 Rxc3 40. f4 Rc7 41. Rxh5 Kc6 42. Rg5 Kb6 43. Rg2 a5 44. Rb2+ Ka6 45. Kd5 a4 46. e4 Ka5 47. e5 a3 48. Re2 Kb4 49. e6 1-0

[Event "DESC T0056 email"]
[Site "DESC email"]
[Date "2001.12.01"]
[Round "?"]
[White "Buenjer, Carsten"]
[Black "Lagemann, Tobias"]
[Result "1-0"]
[WhiteElo "1932"]
[BlackElo "2035"]
[PlyCount "71"]
[EventDate "2001.??.??"]
[EventType "tourn (corr)"]
[EventRounds "8"]
[EventCountry "GER"]
[SourceTitle "Corr 2004"]
[Source "ChessBase"]
[SourceDate "2003.04.28"]
[SourceVersion "3"]
[SourceVersionDate "2003.04.28"]
[SourceQuality "1"]

1. d4 f5 2. e4 fxe4 3. Nc3 Nf6 4. Bg5 Nc6 5. d5 Ne5 6. Qd4 Nf7 7. Bxf6 exf6 8. Qxe4+ Qe7 9. 0-0-0 Qxe4 10. Nxe4 Be7 11. Bc4 f5 12. Ng3 Nd6 13. Bd3 0-0 14. Nf3 g6 15. Rhe1 Bf6 16. Ne5 b5 17. f4 a5 18. Ne2 a4 19. a3 Rd8 20. Nd4 Rb8 21. b4 axb3 22. cxb3 Rb6 23. a4 bxa4 24. bxa4 Rb4 25. Bc2 Ba6 26. g3 Ne4 27. Bxe4 Bxe5 28. fxe5 fxe4 29. a5 Bd3 30. Ne2 Ra8 31. Nf4 Bb5 32. Kd2 g5 33. Nh5 Rxa5 34. Nf6+ Kg7 35. Rxe4 Rb3 36. Kc2 1-0

[Event "DESC T0056 email"]
[Site "DESC email"]
[Date "2001.12.01"]
[Round "?"]
[White "Buenjer, Carsten"]
[Black "Ratzmann, Stefan"]
[Result "1/2-1/2"]
[WhiteElo "1932"]
[BlackElo "2112"]
[PlyCount "66"]
[EventDate "2001.??.??"]
[EventType "tourn (corr)"]
[EventRounds "8"]
[EventCountry "GER"]
[SourceTitle "Corr 2004"]
[Source "ChessBase"]
[SourceDate "2003.04.28"]
[SourceVersion "3"]
[SourceVersionDate "2003.04.28"]
[SourceQuality "1"]

1. d4 f5 2. e4 fxe4 3. Nc3 Nf6 4. f3 d5 5. fxe4 dxe4 6. Bg5 Bf5 7. Nge2 e6 8. Ng3 Be7 9. Bb5+ c6 10. Bc4 Nbd7 11. 0-0 Nb6 12. Bb3 Qd7 13. a4 Nbd5 14. Qe2 h6 15. Bxf6 Nxf6 16. Ncxe4 Nxe4 17. Nxe4 Qxd4+ 18. Nf2 Qf6 19. g4 Bg6 20. Bxe6 Rf8 21. Rad1 Rd8 22. Nh3 Rxd1 23. Rxd1 b6 24. c3 Bc2 25. Rd4 Bc5 26. Bc4+ Qe7 27. Qxc2 Qe3+ 28. Nf2 Bxd4 29. cxd4 Qxd4 30. Qe2+ Kd8 31. h3 a5 32. b3 Re8 33. Qf3 Re3 1/2-1/2

[Event "DESC T0056 email"]
[Site "DESC email"]
[Date "2001.12.01"]
[Round "?"]
[White "Ratzmann, Stefan"]
[Black "Buenjer, Carsten"]
[Result "1-0"]
[WhiteElo "2112"]
[BlackElo "1932"]
[PlyCount "53"]
[EventDate "2001.??.??"]
[EventType "tourn (corr)"]
[EventRounds "8"]
[EventCountry "GER"]
[SourceTitle "Corr 2004"]
[Source "ChessBase"]
[SourceDate "2003.04.28"]
[SourceVersion "3"]
[SourceVersionDate "2003.04.28"]
[SourceQuality "1"]

1. d4 f5 2. e4 fxe4 3. Nc3 Nf6 4. Bg5 c6 5. Qd2 d5 6. f3 h6 7. Bxf6 exf6 8. fxe4 dxe4 9. 0-0-0 Bb4 10. Nge2 f5 11. g4 Qh4 12. gxf5 Be7 13. Qe1 Bg5+ 14. Kb1 Qxe1 15. Rxe1 Bd2 16. Rd1 Bxc3 17. Nxc3 Bxf5 18. Nxe4 Bxe4 19. Re1 Nd7 20. Rxe4+ Kd8 21. Bh3 Nf6 22. Re5 Rf8 23. c4 Nd7 24. Re3 Rf4 25. Rhe1 Nf6 26. Re7 Rh4 27. Rf7 1-0

[Event "DESC T0056 email"]
[Site "DESC email"]
[Date "2001.12.01"]
[Round "?"]
[White "Rohde, Matse"]
[Black "Buenjer, Carsten"]
[Result "1-0"]
[WhiteElo "2050"]
[BlackElo "1932"]
[PlyCount "39"]
[EventDate "2001.??.??"]
[EventType "tourn (corr)"]
[EventRounds "8"]
[EventCountry "GER"]
[SourceTitle "Corr 2004"]
[Source "ChessBase"]
[SourceDate "2003.04.28"]
[SourceVersion "3"]
[SourceVersionDate "2003.04.28"]
[SourceQuality "1"]

1. d4 f5 2. e4 fxe4 3. Nc3 Nf6 4. Bg5 c6 5. f3 Qb6 6. fxe4 Qxb2 7. Bd2 Qb6 8. e5 Nd5 9. Nf3 Nxc3 10. Bxc3 d5 11. Ng5 Bf5 12. g4 Bg6 13. Bd3 Bxd3 14. Qxd3 g6 15. Qf3 Kd7 16. 0-0 h6 17. Nf7 Rh7 18. Rab1 Qc7 19. Nd6 Na6 20. Rxb7 1-0

[Event "DESC T0050 email"]
[Site "DESC email"]
[Date "2001.11.15"]
[Round "1"]
[White "Ball, Joerg"]
[Black "Buenjer, Carsten"]
[Result "0-1"]
[WhiteElo "1979"]
[BlackElo "1940"]
[PlyCount "58"]
[EventDate "2001.??.??"]
[EventType "tourn (corr)"]
[EventRounds "8"]
[EventCountry "GER"]
[SourceTitle "Corr 2004"]
[Source "ChessBase"]
[SourceDate "2003.04.28"]
[SourceVersion "3"]
[SourceVersionDate "2003.04.28"]
[SourceQuality "1"]

1. e4 e5 2. f4 exf4 3. Nf3 g5 4. Bc4 g4 5. 0-0 gxf3 6. Qxf3 Qf6 7. Nc3 Qd4+ 8. Kh1 Qxc4 9. Nd5 d6 10. d3 Qc6 11. Nxf4 Qd7 12. Nd5 Nc6 13. Bd2 Bg7 14. Rae1 h5 15. c3 Ne5 16. Qg3 Rh7 17. d4 Ng6 18. Qf3 c6 19. Ne3 h4 20. Nf5 Bf6 21. Bf4 Nxf4 22. Qxf4 Be7 23. Qg4 Nh6 24. Qh5 Qe6 25. e5 d5 26. Nxe7 Kxe7 27. h3 Qg6 28. Qxh4+ Ke8 29. Rf6 Nf5 0-1